00788cam a22002057a 4500003000400000005001700004008004100021017004500062020001800107040002400125100002000149245011900169250008000288260002800368300002000396504004600416650002600462650006700488650002700555OSt20190530113621.0190530e201811 spc||||| |||||0|| 0 spa|d aDL B 27542-2018bBiblioteca de Catalunya a9788491803164 aES-BaUOCbcatcCDMR1 aAced, Cristina,10aRelaciones públicas 2.0b: cómo gestionar la comunicación corporativa en el entorno digital /cCristina Aced aPrimera edición en lengua castellana, nueva edición revisada y ampliada aBarcelona :bUOC,c2018 a225 p. ;c22 cm aBibliografia (pàgines 215-216). Annexos04aRelacions públiques07aComunicació en l'empresaxInnovacions tecnològiques2lemac 4aInternetxMàrqueting